| 000 | 00451nam a2200181Ia 4500 | ||
|---|---|---|---|
| 001 | 19967 | ||
| 005 | 20260306172731.0 | ||
| 008 | 260306t1972||||xx |||||||||||||| ||spa|| | ||
| 041 | _aESP | ||
| 082 |
_a342 _bM77G 1972 |
||
| 100 |
_aMontoya Manfredi, Ulises [1909-1994] _eAUT |
||
| 245 | 0 |
_aDerecho comercial: _bparte general |
|
| 260 | _c1972 | ||
| 300 |
_a177 páginas : _c24 cm. |
||
| 650 | _aGEN | ||
| 654 | _aCDE | ||
| 942 |
_cLIB _dJUS _fJUS _2ddc _n |
||
| 999 |
_c19967 _d19967 |
||